000 00509ntaaa2200193 4500
003 01
005 20251027202724.0
008 0714s1973 ag 01
040 _aAR-BaBN
_bspa
_cAR-BaBN
_eaacr
_dRIC
082 _a621.4890 M31
100 _aMann, Martin
_927083
245 _aPeacetime uses of atomic energy
250 _a1 ed.
260 _aNew York :
_bViking Press,
_cc1957, 1961
300 _a191 p
500 _aLos usos de la energía atómica para la paz
650 _aenergía nuclear
942 _cBK
999 _c22461
_d22461